000 00311nam a2200109 4500
008 180212b xxu||||| |||| 00| 0 eng d
245 _a51 contraceptives to undergo recertification.
260 _aPhilippines
_bThe Philippine Star
_cc2017
300 _apage 4.
650 0 _926344
_aBirth control.
942 _2ddc
_cPER
999 _c8548
_d8548